ARRUPE JESUIT UNIVERSITY

CORONAVIRUS -STOP THE SPREAD - CLEAN,DISINFECT,COVER
Normal view MARC view

Entry Personal Name

Number of records used in: 1

001 - CONTROL NUMBER

  • control field: 15102

003 - CONTROL NUMBER IDENTIFIER

  • control field: ARRUPE

005 - DATE AND TIME OF LATEST TRANSACTION

  • control field: 20150217103225.0

008 - FIXED-LENGTH DATA ELEMENTS

  • fixed length control field: 150217|| aca||aabn | a|a d

040 ## - CATALOGING SOURCE

  • Original cataloging agency: ARRUPE
  • Transcribing agency: ARRUPE

100 ## - HEADING--PERSONAL NAME

  • Personal name: Eichrodt, Walther,
  • Dates associated with a name: 1890-1978.

670 ## - SOURCE DATA FOUND

  • Source citation: Work cat.: (ARRUPE)0: Eichrodt, Walther, 1890-1978., Theology of the Old Testament., [1961-

 

Arrupe Library. PO Box MP320 Mt Pleasant, Harare, Zimbabwe
263 242 745411|librarian@aju.ac.zw